000
00311nam a2200133Ia 4500
008
190216s9999||||xx |||||||||||||| ||und||
100
_a
Paul Loomba M
245
0
_a
Linear Programming
250
_a
FIRST
260
_b
Tata Mcgrawhill Publishers
_c
1994
300
_a
284
650
_a
Mathematics
942
_c
BK
999
_c
30970
_d
30970